Państwa Świata 20 minut - Statystyki

Ogólne statystyki
  • Ten quiz został rozwiązany 3 603 razy
  • Średni wynik to 134 z 196
Odpowiedzi na mapie
Odpowiedzi zakodowano w zielono-czerwonej skali na mapie do tego quizu, zgodnie z poniższymi procentami.
 
Statystyki odpowiedzi
Kraj % Poprawnych
Kanada
92%
Polska
92%
Rosja
92%
Stany Zjednoczone
92%
Francja
91%
Hiszpania
91%
Niemcy
91%
Bialorus
90%
Czechy
90%
Dania
90%
Szwecja
90%
Ukraina
90%
Wielka Brytania
90%
Wlochy
90%
Australia
89%
Belgia
89%
Brazylia
89%
Chiny
89%
Finlandia
89%
Litwa
89%
Łotwa
89%
Meksyk
89%
Norwegia
89%
Portugalia
89%
Slowacja
89%
Austria
88%
Estonia
88%
Grecja
88%
Holandia
88%
Irlandia
88%
Islandia
88%
Japonia
88%
Argentyna
87%
Chorwacja
87%
Szwajcaria
87%
Turcja
87%
Wegry
87%
Egipt
86%
Korea Pólnocna
86%
Korea Poludniowa
86%
Rumunia
86%
Slowenia
86%
Albania
85%
Chile
85%
Indie
85%
Bosnia i Hercegowina
84%
Bulgaria
84%
Kazachstan
84%
Irak
83%
Iran
83%
Arabia Saudyjska
82%
Luksemburg
82%
Madagaskar
82%
Moldawia
82%
Serbia
82%
Watykan
82%
Czarnogóra
81%
Kuba
81%
Malta
81%
Maroko
81%
Mongolia
81%
Cypr
80%
Kosowo
80%
Macedonia Północna
80%
Nowa Zelandia
80%
Peru
80%
Urugwaj
80%
Andora
79%
Indonezja
79%
Kolumbia
79%
Niger
79%
Izrael
78%
Liechtenstein
78%
Wenezuela
78%
Algieria
77%
Boliwia
77%
Oman
77%
Gruzja
76%
Monako
76%
Nigeria
76%
San Marino
76%
Afganistan
75%
Dominika
75%
Pakistan
75%
Tunezja
75%
Zjednoczone Emiraty Arabskie
74%
Armenia
73%
Filipiny
73%
Paragwaj
73%
Tajlandia
73%
Wietnam
73%
Dominikana
72%
Ekwador
72%
Jemen
72%
Panama
72%
Republika Poludniowej Afryki
72%
Azerbejdzan
71%
Libia
71%
Sudan
71%
Uzbekistan
71%
Jamajka
69%
Katar
69%
Kenia
69%
Kongo
69%
Nepal
69%
Sri Lanka
69%
Czad
68%
Etiopia
68%
Tadzykistan
68%
Turkmenistan
68%
Jordania
67%
Malezja
67%
Somalia
67%
Syria
67%
Tajwan
66%
Angola
65%
Gwinea
65%
Haiti
65%
Kostaryka
65%
Papua-Nowa Gwinea
65%
Bangladesz
64%
Kambodza
64%
Kirgistan
64%
Liban
64%
Gujana
63%
Honduras
62%
Laos
62%
Sudan Poludniowy
62%
Zambia
62%
Demokratyczna Republika Konga
61%
Zimbabwe
61%
Mali
60%
Senegal
60%
Wybrzeze Kosci Sloniowej
60%
Republika Zielonego Przyladka
59%
Bahamy
58%
Kuwejt
58%
Malediwy
58%
Bhutan
57%
Gwatemala
57%
Tanzania
57%
Fidzi
56%
Ghana
56%
Mjanma
56%
Surinam
56%
Salwador
55%
Seszele
55%
Singapur
55%
Uganda
55%
Gwinea Równikowa
54%
Nikaragua
54%
Erytrea
53%
Mikronezja
53%
Mozambik
53%
Belize
52%
Botswana
52%
Mauretania
52%
Togo
52%
Wyspy Swietego Tomasza i Ksiazeca
52%
Kamerun
51%
Republika Srodkowoafrykanska
51%
Lesotho
50%
Namibia
49%
Wyspy Marshalla
49%
Barbados
48%
Gwinea Bissau
48%
Liberia
48%
Wyspy Salomona
48%
Bahrajn
47%
Gabon
46%
Rwanda
46%
Burkina Faso
45%
Gambia
45%
Dzibuti
44%
Kiribati
44%
Timor Wschodni
44%
Benin
43%
Eswatini
43%
Mauritius
43%
Antigua i Barbuda
42%
Brunei
42%
Komory
42%
Trynidad i Tobago
42%
Malawi
41%
Palau
41%
Saint Lucia
41%
Burundi
39%
Vanuatu
39%
Sierra Leone
38%
Tuvalu
38%
Saint Kitts i Nevis
37%
Saint Vincent i Grenadyny
37%
Tonga
37%
Grenada
36%
Nauru
36%
Samoa
35%
Nie znaleziono quizów pasujących do podanych kryteriów
Rozkład punktacji
Procent ludzi z każdym wynikiem
Percentyl według liczby udzielonych odpowiedzi
Twoja historia wyników
Nie rozwiązałeś tego quizu